| Tag |
First Indicator |
Second Indicator |
Subfields |
| LEADER |
00000ntm a2200000Ia 4500 |
| 001 |
in00004201639 |
| 005 |
20200806085932.0 |
| 006 |
m g d |
| 007 |
cr bn |||a|bb| |
| 008 |
060118q16011700enk o 000 0 eng d |
| 035 |
|
|
|a (OCoLC)63041471
|
| 040 |
|
|
|a UMI
|c UMI
|
| 037 |
|
|
|a CL2105000001
|b ProQuest Information and Learning 300 N. Zeeb Rd., Ann Arbor, MI 48103-1553
|
| 043 |
|
|
|a e-ie---
|
| 090 |
|
|
|a HJ2627
|b .H4
|
| 049 |
|
|
|a UMIA
|
| 245 |
0 |
0 |
|a Com[missione]rs of the revenue in Ireland.
|
| 246 |
1 |
|
|i Docket title:
|a Heads of Revenue in Ireland
|
| 260 |
|
|
|c [17th century?]
|
| 300 |
|
|
|a 1 online resource (1 sheet ([2] pages).
|
| 336 |
|
|
|a text
|b txt
|2 rdacontent
|
| 337 |
|
|
|a computer
|b c
|2 rdamedia
|
| 338 |
|
|
|a online resource
|b cr
|2 rdacarrier
|
| 500 |
|
|
|a In manuscript.
|
| 500 |
|
|
|a Harleian manuscripts leaf 78.
|
| 500 |
|
|
|a Reproduction of original in the British Library.
|
| 533 |
|
|
|a Electronic reproduction.
|b Ann Arbor, Mich. :
|c UMI,
|d 1999-
|f (Early English books online)
|n Digital version of: (Early English books; Tract supplement ; C14:3[24])
|7 s1999 miun s
|
| 650 |
|
0 |
|a Revenue
|z Ireland
|v Early works to 1800.
|
| 651 |
|
0 |
|a Ireland
|x History
|y 17th century
|v Early works to 1800.
|
| 651 |
|
0 |
|a Ireland
|x Politics and government
|y 17th century
|v Early works to 1800.
|
| 830 |
|
0 |
|a Early English books online.
|
| 856 |
4 |
0 |
|u http://proxy.library.tamu.edu/login?url=https://search.proquest.com/docview/2240876284
|z Connect to the full text of this electronic book
|t 0
|
| 994 |
|
|
|a 02
|b UMI
|
| 999 |
f |
f |
|s 9e3410ca-6f0f-3771-abd8-96e8ed84f326
|i 3d075022-08f6-31a7-9323-f64f561b99da
|t 0
|
| 952 |
f |
f |
|a Texas A&M University
|b College Station
|c Electronic Resources
|d Available Online
|t 0
|e HJ2627 .H4
|h Library of Congress classification
|
| 998 |
f |
f |
|a HJ2627 .H4
|t 0
|l Available Online
|